000 00378pab a2200145 454500
008 180718b1988 xxu||||| |||| 00| 0 eng d
100 _aLastarria - Cornhiel, Susana
245 _aFemale farmers agricultural production in elsalvador
260 _c1988
300 _a585-615
362 _aOct.
650 _aFarmers - Africa
773 _aDevelopment and Change
909 _a8216
999 _c8216
_d8216